Govt. of
Madhya Pradesh

Natural Resources and Human Adaptation (Record no. 35457)

MARC details
000 -LEADER
fixed length control field 004590000a22001690004500
003 - CONTROL NUMBER IDENTIFIER
control field MACL
005 - DATE AND TIME OF LATEST TRANSACTION
control field 20151230111039.0
008 - FIXED-LENGTH DATA ELEMENTS--GENERAL INFORMATION
fixed length control field 151230b xxu||||| |||| 00| 0 eng d
040 ## - CATALOGING SOURCE
Original cataloging agency MACL
Transcribing agency MACL
041 ## - LANGUAGE CODE
Language code of text/sound track or separate title English
082 ## - DEWEY DECIMAL CLASSIFICATION NUMBER
Classification number 301/LOR
100 ## - MAIN ENTRY--PERSONAL NAME
Personal name Lorenzo, A M
9 (RLIN) 24518
245 ## - TITLE STATEMENT
Title Natural Resources and Human Adaptation
260 ## - PUBLICATION, DISTRIBUTION, ETC. (IMPRINT)
Name of publisher, distributor, etc. The Universal Book And Statinrery
Date of publication, distribution, etc. 1947
Place of publication, distribution, etc. Lucknow
650 ## - SUBJECT ADDED ENTRY--TOPICAL TERM
Topical term or geographic name as entry element sociology Science
9 (RLIN) 17652
942 ## - ADDED ENTRY ELEMENTS (KOHA)
Koha item type Books
Call number prefix 301/Lor
Source of classification or shelving scheme
Holdings
Withdrawn status Lost status Source of classification or shelving scheme Damaged status Not for loan Home library Current library Date acquired Total Checkouts Full call number Barcode Date last seen Uniform Resource Identifier Price effective from Koha item type
          MACL MACL 15/04/2015   301/LOR CLE005068 29/04/2015 35665 15/04/2015 Books